<?xml version="1.0" encoding="UTF-8"?>
<collection xmlns="http://www.loc.gov/MARC21/slim">
 <record>
  <leader>06260nam a2200553 a 4500</leader>
  <controlfield tag="001">kal2117</controlfield>
  <controlfield tag="003">Gr-AtHEAL</controlfield>
  <controlfield tag="005">20160504201722.0</controlfield>
  <controlfield tag="006">m        d        </controlfield>
  <controlfield tag="008">160413s2015    gr      s           gre|c</controlfield>
  <datafield tag="020" ind1=" " ind2=" ">
   <subfield code="a">9789606032899</subfield>
  </datafield>
  <datafield tag="040" ind1=" " ind2=" ">
   <subfield code="a">GR-AtHEAL</subfield>
   <subfield code="b">gre</subfield>
   <subfield code="c">GR-AtHEAL</subfield>
  </datafield>
  <datafield tag="082" ind1="0" ind2="4">
   <subfield code="a">541.3</subfield>
   <subfield code="2">23</subfield>
  </datafield>
  <datafield tag="100" ind1="1" ind2=" ">
   <subfield code="a">Σιμσερίδης, Κωνσταντίνος.</subfield>
   <subfield code="8">1556</subfield>
  </datafield>
  <datafield tag="245" ind1="1" ind2="0">
   <subfield code="a">Καταστάσεις της ύλης</subfield>
   <subfield code="h">[Ηλεκτρονικός πόρος] </subfield>
   <subfield code="c">Σιμσερίδης, Κωνσταντίνος ; Κριτικός αναγνώστης,Κονοφάος, Νικόλαος ; Τεχνική επιμέλεια,Λαμπρόπουλος, Κωνσταντίνος.</subfield>
  </datafield>
  <datafield tag="260" ind1=" " ind2=" ">
   <subfield code="a">Αθήνα :</subfield>
   <subfield code="b">Σύνδεσμος Ελληνικών Ακαδημαϊκών Βιβλιοθηκών,</subfield>
   <subfield code="c">c2015.</subfield>
  </datafield>
  <datafield tag="490" ind1=" " ind2=" ">
   <subfield code="a">Ακαδημαϊκά Ηλεκτρονικά Συγγράμματα και Βοηθήματα Κάλλιπος</subfield>
   <subfield code="8">40</subfield>
  </datafield>
  <datafield tag="520" ind1=" " ind2=" ">
   <subfield code="a">Κεφάλαιο 1. Εισαγωγή στις καταστάσεις της ύλης.1.1 «Στοιχειώδη» Σωμάτια.1.2 Καταστάσεις της Ύλης. Μεταξύ αυτών: στερεά, υγρά, αέρια, πλάσμα, BEC.1.3 Μετατροπές Καταστάσεων (ή «Φάσεων») της Ύλης. Διαγράμματα Φάσεως.1.4 Συμπύκνωμα Bose - Einstein.1.5 Κατάταξη στερεών σε περιοδικούς και οιονεί κρυστάλλους, άμορφα και μορφοκλάσματα.1.6 Κατάταξη υγρών και αερίων σε ιδανικά και πραγματικά.1.7 Ατομική Δομή.1.8 Μορφή ατομικών τροχιακών. Συμμετρίες.1.9 Δεσμοί μεταξύ ατόμων. Υβριδισμός.1.10 Αναφορές 1ου ΚεφαλαίουΚεφάλαιο 2. Στερεά.2.1 Βασικές έννοιες κρυσταλλικών πλεγμάτων και κρυστάλλων.2.2 Συμμετρία πλεγμάτων και μορίων.2.3 Κατάταξη ομάδων σημείου.2.4 Κρύσταλλοι. Κρυσταλλικά Πλέγματα σε 1, 2, 3 διαστάσεις.2.5 Αντίστροφο πλέγμα.2.6 Πλεγματικές ευθείες, πλεγματικά επίπεδα, δείκτες Miller.2.7 Αλλοτροπικές μορφές άνθρακα.2.8 Στερεά.2.9 Ταξινόμηση των στερεών με ποικίλα κριτήρια.2.10 Αναφορές 2ου κεφαλαίου.Κεφάλαιο 3. Χρονολογική επισκόπηση. Κράματα. Παρασκευή - Δομή - Ιδιότητα - Απόδοση.3.1 Περί υλικών.3.2 Χρονολογική επισκόπηση: Παλαιολιθική Εποχή, Νεολιθική Εποχή, Εποχή του Χαλκού, Εποχή του Σιδήρου.3.3 Παραδείγματα συνθέτων υλικών (κραμάτων) γνωστών από την αρχαιότητα αλλά και συγχρόνων. Προσμίξεις και Θερμική Επεξεργασία.3.4 Παρασκευή (ή επεξεργασία ή σύνθεση). Δομή. Ιδιότητα. Απόδοση.3.5 Παραδείγματα σχέσεως δομής και ιδιοτήτων.3.6 Αναφορές 3ου Κεφαλαίου.Κεφάλαιο 4. Πραγματικά Αέρια και Υγρά.4.1 Μέγεθος ατόμων και μορίων.4.2 Ανάπτυγμα ή Καταστατική Εξίσωση Virial.4.3 Καταστατική Εξίσωση van der Waals.4.4 Έκφραση της Καταστατικής Εξισώσεως van der Waals σε μορφή Virial.4.5 Ισόθερμη συμπιεστότητα. Συντελεστής κυβικής διαστολής.4.6 Νόμοι των ιδανικών αερίων. Ισόθερμες ιδανικού αερίου.4.7 Θεωρητικές ισόθερμες πραγματικού αερίου.4.8 Πειραματικές ισόθερμες. Μετατροπές φάσεως αερίου - υγρού. Λανθάνουσα θερμότητα.4.9 Δυναμική Ενέργεια Lennard - Jones.4.10 Αναφορές 4ου κεφαλαίου.Ασκήσεις.Παραρτήματα.Βιβλιογραφία</subfield>
  </datafield>
  <datafield tag="650" ind1=" " ind2="0">
   <subfield code="a">Physical chemistry</subfield>
   <subfield code="8">2747</subfield>
  </datafield>
  <datafield tag="653" ind1=" " ind2=" ">
   <subfield code="a">Πράξεις συμμετρίας</subfield>
  </datafield>
  <datafield tag="653" ind1=" " ind2=" ">
   <subfield code="a">Μεταροπές φάσεων</subfield>
  </datafield>
  <datafield tag="653" ind1=" " ind2=" ">
   <subfield code="a">Τρισδιάστατα πλέγματα</subfield>
  </datafield>
  <datafield tag="653" ind1=" " ind2=" ">
   <subfield code="a">Διδιάστατα πλέγματα</subfield>
  </datafield>
  <datafield tag="653" ind1=" " ind2=" ">
   <subfield code="a">Ατομική δομή</subfield>
  </datafield>
  <datafield tag="653" ind1=" " ind2=" ">
   <subfield code="a">Συμπύκνωμα Μπόζ-Αϊνστάιν</subfield>
  </datafield>
  <datafield tag="653" ind1=" " ind2=" ">
   <subfield code="a">Μέγεθος ατόμων και μορίων</subfield>
  </datafield>
  <datafield tag="653" ind1=" " ind2=" ">
   <subfield code="a">Συμμετρία</subfield>
  </datafield>
  <datafield tag="653" ind1=" " ind2=" ">
   <subfield code="a">Καταστατικές εξισώσεις</subfield>
  </datafield>
  <datafield tag="653" ind1=" " ind2=" ">
   <subfield code="a">Υβριδισμός</subfield>
  </datafield>
  <datafield tag="653" ind1=" " ind2=" ">
   <subfield code="a">Ατομικά τροχιακά</subfield>
  </datafield>
  <datafield tag="653" ind1=" " ind2=" ">
   <subfield code="a">Πραγματικά υγρά</subfield>
  </datafield>
  <datafield tag="653" ind1=" " ind2=" ">
   <subfield code="a">Πραγματικά αέρια</subfield>
  </datafield>
  <datafield tag="653" ind1=" " ind2=" ">
   <subfield code="a">Διαγράμματα φάσεως</subfield>
  </datafield>
  <datafield tag="653" ind1=" " ind2=" ">
   <subfield code="a">Άμορφα</subfield>
  </datafield>
  <datafield tag="653" ind1=" " ind2=" ">
   <subfield code="a">οιονεί κρυσταλλοι</subfield>
  </datafield>
  <datafield tag="653" ind1=" " ind2=" ">
   <subfield code="a">Κρύσταλλοι</subfield>
  </datafield>
  <datafield tag="653" ind1=" " ind2=" ">
   <subfield code="a">Πλάσμα</subfield>
  </datafield>
  <datafield tag="653" ind1=" " ind2=" ">
   <subfield code="a">Αέρια</subfield>
  </datafield>
  <datafield tag="653" ind1=" " ind2=" ">
   <subfield code="a">Υγρά</subfield>
  </datafield>
  <datafield tag="653" ind1=" " ind2=" ">
   <subfield code="a">Στερεά</subfield>
  </datafield>
  <datafield tag="653" ind1=" " ind2=" ">
   <subfield code="a">Καταστάσεις και ιδιότητες της ύλης</subfield>
  </datafield>
  <datafield tag="653" ind1=" " ind2=" ">
   <subfield code="a">Φυσική</subfield>
   <subfield code="a">Συμπυκνωμένη ύλη: δομικές, μηχανικές και θερμικές ιδιότητες</subfield>
  </datafield>
  <datafield tag="653" ind1=" " ind2=" ">
   <subfield code="a">Φυσική</subfield>
   <subfield code="a">Διαθεματικές περιοχές της φυσικής και συναφείς τομείς της επιστήμης και της τεχνολογίας</subfield>
   <subfield code="a">Επιστήμη υλικών</subfield>
  </datafield>
  <datafield tag="700" ind1="1" ind2=" ">
   <subfield code="a">Κονοφάος, Νικόλαος</subfield>
   <subfield code="e">Κριτικός αναγνώστης</subfield>
   <subfield code="8">1557</subfield>
  </datafield>
  <datafield tag="856" ind1="4" ind2="0">
   <subfield code="u">http://hdl.handle.net/11419/2117</subfield>
   <subfield code="z">Πλήρες Κείμενο - Full text</subfield>
  </datafield>
  <datafield tag="907" ind1=" " ind2=" ">
   <subfield code="a">.b25679703</subfield>
   <subfield code="b">12-06-18</subfield>
   <subfield code="c">29-07-16</subfield>
  </datafield>
  <datafield tag="949" ind1=" " ind2=" ">
   <subfield code="0">0</subfield>
   <subfield code="1">0</subfield>
   <subfield code="2">ddc</subfield>
   <subfield code="4">0</subfield>
   <subfield code="6">541_300000000000000_ΣΙΜ</subfield>
   <subfield code="7">0</subfield>
   <subfield code="8">KALL</subfield>
   <subfield code="8">729</subfield>
   <subfield code="d">2016-04-13</subfield>
   <subfield code="r">2016-04-13</subfield>
   <subfield code="w">2016-04-13</subfield>
   <subfield code="z">541.3 ΣΙΜ</subfield>
   <subfield code="o">SEAB KALLIPOS</subfield>
  </datafield>
  <datafield tag="998" ind1=" " ind2=" ">
   <subfield code="a">80</subfield>
   <subfield code="a">01</subfield>
   <subfield code="a">02</subfield>
   <subfield code="a">03</subfield>
   <subfield code="a">04</subfield>
   <subfield code="a">05</subfield>
   <subfield code="a">06</subfield>
   <subfield code="a">07</subfield>
   <subfield code="a">08</subfield>
   <subfield code="a">09</subfield>
   <subfield code="a">10</subfield>
   <subfield code="a">11</subfield>
   <subfield code="a">12</subfield>
   <subfield code="a">13</subfield>
   <subfield code="a">14</subfield>
   <subfield code="a">15</subfield>
   <subfield code="a">16</subfield>
   <subfield code="a">17</subfield>
   <subfield code="a">18</subfield>
   <subfield code="a">19</subfield>
   <subfield code="a">20</subfield>
   <subfield code="a">21</subfield>
   <subfield code="a">22</subfield>
   <subfield code="a">23</subfield>
   <subfield code="a">24</subfield>
   <subfield code="a">25</subfield>
   <subfield code="a">26</subfield>
   <subfield code="b">16-05-17</subfield>
   <subfield code="c">m</subfield>
   <subfield code="d">z  </subfield>
   <subfield code="e">-</subfield>
   <subfield code="f">gre</subfield>
   <subfield code="g">gr </subfield>
   <subfield code="h">0</subfield>
  </datafield>
  <datafield tag="942" ind1=" " ind2=" ">
   <subfield code="2">ddc</subfield>
   <subfield code="c">KALLIPOS</subfield>
  </datafield>
 </record>
</collection>
